Organic Pharmaceutical Chemistry (Record no. 6165)
[ view plain ]
| 000 -LEADER | |
|---|---|
| fixed length control field | 00500nam a22001937a 4500 |
| 003 - CONTROL NUMBER IDENTIFIER | |
| control field | OSt |
| 005 - DATE AND TIME OF LATEST TRANSACTION | |
| control field | 20181008182144.0 |
| 008 - FIXED-LENGTH DATA ELEMENTS--GENERAL INFORMATION | |
| fixed length control field | 181008b xxu||||| |||| 00| 0 eng d |
| 020 ## - INTERNATIONAL STANDARD BOOK NUMBER | |
| International Standard Book Number | 8185790027 |
| 040 ## - CATALOGING SOURCE | |
| Transcribing agency | DNLM |
| 082 ## - DEWEY DECIMAL CLASSIFICATION NUMBER | |
| Classification number | QV744 B76o 1998 |
| 100 ## - MAIN ENTRY--PERSONAL NAME | |
| Personal name | Bothara, K. G. |
| 9 (RLIN) | 12724 |
| 245 ## - TITLE STATEMENT | |
| Title | Organic Pharmaceutical Chemistry |
| 250 ## - EDITION STATEMENT | |
| Edition statement | 2nd ed. |
| 260 ## - PUBLICATION, DISTRIBUTION, ETC. (IMPRINT) | |
| Place of publication, distribution, etc. | Pune, K.J Shah, Vinayak printers, 1998 |
| 300 ## - PHYSICAL DESCRIPTION | |
| Extent | 175p; ill: 22cm |
| 650 ## - SUBJECT ADDED ENTRY--TOPICAL TERM | |
| Topical term or geographic name as entry element | Pharmaceutical chemistry |
| 9 (RLIN) | 283 |
| 942 ## - ADDED ENTRY ELEMENTS (KOHA) | |
| Source of classification or shelving scheme | Other/Generic Classification Scheme |
| Koha item type | Short Loan |
| Withdrawn status | Lost status | Source of classification or shelving scheme | Damaged status | Not for loan | Home library | Current library | Date acquired | Source of acquisition | Inventory number | Total Checkouts | Full call number | Barcode | Date last seen | Koha item type |
|---|---|---|---|---|---|---|---|---|---|---|---|---|---|---|
| Other/Generic Classification Scheme | Pharmacy Department Library | Pharmacy Department Library | 08/10/2018 | 13/00510 | QV744 B76o 1998 | 2018-0385 | 08/10/2018 | Short Loan |
